Airline ecommerce /

Bibliographic Details
Main Author: Hanke, Michael, 1963-
Corporate Author: ebrary, Inc
Format: eBook
Language:English
Published: New York : Routledge, 2015.
Edition:1 Edition.
Subjects:
Online Access:Connect to the full text of this electronic book

MARC

Tag First Indicator Second Indicator Subfields
LEADER 00000cam a22000001i 4500
001 in00003769821
006 m |o d |
007 cr |n|||||||||
008 160528s2015 nyu o 000 0 eng d
005 20250816222324.3
020 |a 9781317336976 (electronic bk.) 
020 |a 1317336976 (electronic bk.) 
020 |z 9780415775793 (hardback) 
020 |z 0415775795 (hardback) 
020 |z 9780415775809 (paperback) 
020 |z 0415775809 (paperback) 
024 8 |a 40026108657 
035 |a (NhCcYBP)ebr11213641 
040 |a NhCcYBP  |c NhCcYBP  |d UtOrBLW 
050 4 |a HE9783.5  |b .H36 2015 
082 0 4 |a 387.7/420688  |2 23 
084 |a BUS000000  |a BUS069020  |a BUS090000  |2 bisacsh 
100 1 |a Hanke, Michael,  |d 1963-  |0 http://id.loc.gov/authorities/names/n2015040448 
245 1 0 |a Airline ecommerce /  |c Michael Hanke. 
250 |a 1 Edition. 
264 1 |a New York :  |b Routledge,  |c 2015. 
300 |a 1 online resource. 
336 |a text  |b txt  |2 rdacontent 
337 |a computer  |b c  |2 rdamedia 
338 |a online resource  |b cr  |2 rdacarrier 
588 |a Description based on print version record. 
500 |a Electronic resource. 
650 0 |a Airlines  |x Rates.  |0 http://id.loc.gov/authorities/subjects/sh85002663 
650 0 |a Airlines  |x Customer services. 
650 0 |a Aeronautics, Commercial  |x Passenger traffic.  |0 http://id.loc.gov/authorities/subjects/sh85001366 
650 0 |a Electronic commerce.  |0 http://id.loc.gov/authorities/subjects/sh96008434 
655 7 |a Electronic books.  |2 local 
710 2 |a ebrary, Inc.  |0 http://id.loc.gov/authorities/names/no2007088509 
776 1 8 |c Original  |z 9780415775793  |z 0415775795  |z 9780415775809  |z 0415775809  |w (DLC) 2015023564 
856 4 1 |u https://ebookcentral.proquest.com/lib/tamucs/detail.action?docID=4530714  |y Connect to the full text of this electronic book  |t 0 
955 |a YBP purchased approval e-records 
980 |b 206.25  |g 1 
987 |a ybp13004334 
999 f f |s 66988ce3-283e-3e51-b8ee-5dc46cbad584  |i 7f39f34a-685e-37dd-bf88-0c21debcff7c  |t 0 
952 f f |a Texas A&M University  |b College Station  |c Electronic Resources  |d Available Online  |t 0  |e HE9783.5 .H36 2015  |h Library of Congress classification 
998 f f |a HE9783.5 .H36 2015  |t 0  |l Available Online